000 00582nam a2200181 i 4500
001 165460
003 ES-MaACL
005 20250902104736.0
008 960320s1865 sp |||| | spa d
080 _a39
110 2 _aSociedad Antropológica Española.
_9134869
245 1 0 _aEstatutos de la Sociedad Antropológica Española.
260 _aMadrid :
_b[s.n.],
_c1865 (
_fImp. de J.M. Ducazcal)
300 _a8 p. ;
_c23 cm.
610 2 7 _aSociedad Antropológica Española-
_vReglamentos
_2
_9134870
852 4 _aES-MaACL
_jT-83-F-7
_z- Enc. hol.
999 _c165460
_d165460